Central Library OPAC University of Rajshahi

On the prevention of war / (Record no. 42507)

MARC details
000 -LEADER
fixed length control field 00749nam a2200253 a 4500
001 - CONTROL NUMBER
control field 42507
003 - CONTROL NUMBER IDENTIFIER
rucl marc code BD-RjUL
005 - DATE AND TIME OF LATEST TRANSACTION
control field 20211209053542.0
008 - FIXED-LENGTH DATA ELEMENTS--GENERAL INFORMATION
fixed length control field 160613s1962 enk b 001 0 eng d
035 ## - SYSTEM CONTROL NUMBER
System control number (BD-RjUL)
040 ## - CATALOGING SOURCE
Original cataloging agency SLC
Modifying agency m.c
-- EQO
Language of cataloging eng
Transcribing agency BD-RjUL
041 ## - LANGUAGE CODE
Language code of text/sound track or separate title eng
082 ## - DEWEY DECIMAL CLASSIFICATION NUMBER
Classification number 355.0335
Edition number 23
Author mark and year STO 1962
090 ## - LOCALLY ASSIGNED LC-TYPE CALL NUMBER (OCLC); LOCAL CALL NUMBER (OCLC)
Classification number (OCLC) (R) ; Classification number, CALL (RLIN) (NR) UA11
Local cutter number (OCLC) ; Book number/undivided call number, CALL (RLIN) .S8
100 1# - MAIN ENTRY--PERSONAL NAME
Personal name Strachey, John,
Dates associated with a name 1901-1963.
9 (RLIN) 130737
245 10 - TITLE STATEMENT
Title On the prevention of war /
Statement of responsibility, etc. by John Strachey.
260 ## - PUBLICATION, DISTRIBUTION, ETC. (IMPRINT)
Place of publication, distribution, etc. London :
Name of publisher, distributor, etc. Macmillan,
Date of publication, distribution, etc. c1962.
300 ## - PHYSICAL DESCRIPTION
Pagination ix, 334 p. ;
Size 23 cm.
504 ## - BIBLIOGRAPHY, ETC. NOTE
Bibliography, etc Includes bibliographical footnotes and index.
650 #0 - SUBJECT ADDED ENTRY--TOPICAL TERM
Topical term or geographic name as entry element Military policy.
9 (RLIN) 128913
Topical term or geographic name as entry element World politics
Chronological subdivision 1955-1965.
9 (RLIN) 128699
Topical term or geographic name as entry element Nuclear warfare.
9 (RLIN) 128914
942 ## - ADDED ENTRY ELEMENTS (KOHA)
Source of classification or shelving scheme Dewey Decimal Classification
Koha item type Books
Holdings
Lost status Source of classification or shelving scheme Damaged status Not for loan Collection code Permanent Location Current Location Shelving location Date acquired Source of acquisition Cost, normal purchase price Total Checkouts Full call number Date last seen Copy number Koha item type
  Dewey Decimal Classification     Non-fiction Central Library, University of Rajshahi Central Library, University of Rajshahi   10/04/1967 Royal book 11.25   355.0335 STO 1962 13/06/2016 C-2 Books
  Dewey Decimal Classification     Non-fiction Central Library, University of Rajshahi Central Library, University of Rajshahi   10/04/1967 Zetlinger 11.25   355.0335 STO 1962 13/06/2016 C-3 Books
  Dewey Decimal Classification     Non-fiction Central Library, University of Rajshahi Central Library, University of Rajshahi   10/04/1967 Royel book 11.25   355.0335 STO 1962 13/06/2016 C-4 Books